000 03171nam a22003377a 4500
005 20120604164214.0
010 _aHIN-96521 B-484323-329
020 _a8188693480
_c300.00
035 _aHN-68867 B-484323-329
037 _bएलाइड पब्लिर्शस
082 _a808.84
100 _aसिंह, वी.के.
_953225
245 _a111 श्रेष्ठ हिंदी निबंध /
_cवी.के. सिंह
246 _a111 best Hindi Essays
_bby V.K. Singh
260 _aदिल्ली
_bमित्तल एंड संस
_c2011
270 _a80, विजय ब्लॉक, लक्ष्मीनगर,
_e110092
_k22756734
_bदिल्ली
300 _a280 पृ.
_c22 सेमी.(सजिल्द)
650 _aहिन्दी निबन्ध
_953226
942 _2ddc
_cHN
_mसिंहवी
_h808.84
999 _c67505
_d67505